000 00688nam a22002297a 4500
003 UA-OsUOA
001 51477
007 ta
008 20140909b un ||||| |||| 00| 0 ukr d
090 _a27(477)
_bД63
942 _cBK
040 _aUA-OsUOA
_bukr
_cUA-OsUOA
_dUA-OsUOA
245 _aДокументи розповідають
300 _a187 с.
955 _a1
041 _aukr
080 _a27(477)
260 _aУжгород
_bКарпати
_c1971
650 7 _a27 Загальна історія Християнської церкви
_2UDC
999 _c431604
_d431604